| 000 | 00672nam a22002057a 4500 | ||
|---|---|---|---|
| 003 | NUST-PNEC | ||
| 005 | 20170116180735.0 | ||
| 008 | 141123b xxu||||| |||| 00| 0 eng d | ||
| 020 | _a085012557X | ||
| 040 | _cPNEC | ||
| 082 | _a005.3 WAT | ||
| 100 |
_91030 _aWatts Richard A |
||
| 245 |
_aMeasuring software quality _cRichard A Watts |
||
| 260 |
_aManchester : _bNCC Publications, _cc1987. |
||
| 300 |
_a[115] pages ; _c21 cm |
||
| 500 | _aIncludes index. | ||
| 650 | _xMIS, Computer | ||
| 856 | _uhttp://www.amazon.com/Measuring-Software-Quality-Richard-Watts/dp/085012557X/ref=sr_1_1?s=books&ie=UTF8&qid=1416758316&sr=1-1&keywords=085012557X | ||
| 942 |
_2ddc _cBK |
||
| 999 |
_c61946 _d61946 |
||